|
|
|
|
| LEADER |
00000nab a2200000ua 4500 |
| 001 |
vtls010777797 |
| 003 |
SK-MaSNL |
| 005 |
20260303151931.0 |
| 008 |
230222s1977 xo |||||||||||||||||eng| |
| 035 |
|
|
|a (urnnbn)urn:nbn:sk:snk:ar-a02xy3
|
| 035 |
|
|
|a (uuid)cb001d9d-6b80-4249-a280-0afbee009784
|
| 035 |
|
|
|a urn:nbn:sk:snk-ab4pbz
|
| 040 |
|
|
|a SNKBUCL
|b slo
|c SNKBUCL
|e AACR2
|
| 041 |
0 |
|
|a eng
|
| 044 |
|
|
|a xo
|c SK
|
| 100 |
1 |
|
|a Plevová, Jarmila
|4 aut
|9 61578
|
| 245 |
1 |
0 |
|a SYSTEM APPROACH IN EXPERIMENTAL PSYCHOPHARMACOLOGY AND MEMORY
|c Jarmila Plevová
|
| 773 |
0 |
|
|t Studia psychologica : an international journal for research and theory in psychological sciences
|g Roč. 19, č. 3 (1977), s. 261-262
|
| 958 |
|
|
|a OND
|
| 958 |
|
|
|a EUIPO
|
| 958 |
|
|
|a article3
|
| 999 |
|
|
|c 2020752
|d 2022682
|